Instant Death - Sudden Death - Statistics

General Stats
  • This quiz has been taken 504 times
  • The average score is 9 of 14
Answers on the Grid
Answers color-coded by a green-red scale on the quiz's grid according to % correct below.
Immediate
Instantaneous
Sudden
Quick
Rapid
Swift
Prompt
Speedy
Decease
Demise
Dying
Expiration
Passing
Mortality
Life
Serendipity
Gobbledygook
Accismus
Anathema
Moderate
Leisurely
Cacophony
Machiavellian
Clandestine
Doppler
Bombastic
Quixotic
Born
Ruin
Create
 
Answer Stats
Answer % Correct
Sudden
73%
Dying
70%
Quick
66%
Immediate
65%
Rapid
65%
Decease
64%
Instantaneous
62%
Mortality
62%
Speedy
62%
Passing
61%
Expiration
60%
Swift
57%
Demise
55%
Prompt
47%
No matching quizzes found
Score Distribution
Percent of People with Each Score
Percentile by Number Answered
Your Score History
You have not taken this quiz